000 00779nam a2200217 a 4500
001 BRCA_2081
005 20190320203647.0
008 080808s1989----mx-a---###---#000-0#spa-#
050 4 _aF1391.P8
_b.L43 7
_c1989
100 1 _aPalafox y Mendoza, Juan de
_96322
245 1 0 _aDe la naturaleza y virtudes del indio
_cJuan de Palafox y Mendoza.
250 _a2
260 _aPuebla, México
_bGobierno del Estado de Puebla : Secretaría de Cultura : Comisión Puebla V Centenario
_c1989
300 _a51 p.
_bil.
_c21 cm.
440 0 _aLecturas Históricas de Puebla
_n7
_96323
651 4 _aPuebla (México)
_xHistoria
_9409
651 4 _aPuebla (México)
_xVida social y costumbres
_9408
651 4 _aPuebla (México)
_xIndígenas
_96324
653 0 _aVida cotidiana
942 _2lcc
_cB
999 _c1838
_d1838